| 000 | 00607nam a2200193 a 4500 | ||
|---|---|---|---|
| 001 | 000042647 | ||
| 005 | 20201002040310.0 | ||
| 008 | 140203s1975 sp 000 0 spa d | ||
| 020 | _a8420640263 | ||
| 040 |
_aDO-SdBNP _bspa _cBNPHU |
||
| 100 | 1 |
_aQueen, Ellery _962812 |
|
| 240 | 1 | 0 | _aKiss and Kill |
| 245 | 1 | 0 |
_aBesa y mata. / _cEllery Queen; traducción, Mary Williams. |
| 260 |
_aMadrid, : _bAlianza Emecé, _c1975. |
||
| 300 |
_a120 p. ; _c18 cm. |
||
| 490 | 1 |
_aSelecciones del séptimo círculo _v26 |
|
| 700 | 1 |
_aWilliams, Mary _etrad. _969925 |
|
| 830 | 0 |
_aSelecciones del séptimo círculo _v26 _969926 |
|
| 999 |
_c42136 _d42136 |
||